000 00416nam a22001697a 4500
005 20160527124448.0
008 160527b xxu||||| |||| 00| 0 eng d
020 _a81-7808-969-6
041 _aeng
082 _b5550
100 _aKapoor, Satush K & Kansal Purva
_91392
245 _aLogistics Management
260 _aNew Delhi
_bAcademic Faundation
300 _a264
650 _aManagement
_9241
942 _cBK
999 _c1971
_d1970